00846nam a22002411a 450000100060000000300080000600500170001400800410003103500190007204000320009104100080012308200180013110000530014924500990020225000130030126000300031430000350034450400200037965100370039994200120043699900170044895201390046523942BD-RjUL20211209001005.0140312s1963 enka 001 0 eng d a(BD-RjUL)24007 aNUNbengcNUNdSFUdBD-RjUL aeng04a918bSHS 19631 aShanahan, E. W.q(Edward William),d1882-96830710aSouth America :ban economic and regional geography with an historical chapter /cE W Shanahan a11th ed. aLond. :bMethuen,cc1963. axvi, 318 p. :bill., ;c23 cm. aIncludes index. 0aSouth AmericaxGeography.968309 2ddccBK c23942d23942 00102ddc40708NFICaRUCLbRUCLcStackd1973-04-04eMullik brotherg49.50l0o918 SHS 1963r2014-03-12 00:00:00tC-2w2014-03-12yBK